Normal view
MARC view
- Korean War, 1950-1953
Entry Topical Term
001 - CONTROL NUMBER
- control field: 49118
003 - CONTROL NUMBER IDENTIFIER
- control field: NUST
005 - DATE AND TIME OF LATEST TRANSACTION
- control field: 20210314134246.0
008 - FIXED-LENGTH DATA ELEMENTS
- fixed length control field: 210314|| aca||aabn | a|a d
040 ## - CATALOGING SOURCE
- Original cataloging agency: NUST
- Transcribing agency: NUST
150 ## - HEADING--TOPICAL TERM
- Topical term or geographic name entry element: Korean War, 1950-1953
- General subdivision: Campaigns
670 ## - SOURCE DATA FOUND
- Source citation: Work cat.: (NUST): Gugeler, Russell A. 49117, Combat actions in Korea, 1970.
